<?xml version="1.0" encoding="UTF-8"?>
<record
    xmlns:xsi="http://www.w3.org/2001/XMLSchema-instance"
    xsi:schemaLocation="http://www.loc.gov/MARC21/slim http://www.loc.gov/standards/marcxml/schema/MARC21slim.xsd"
    xmlns="http://www.loc.gov/MARC21/slim">

  <leader>03133 am a2200505 a 4500</leader>
  <controlfield tag="005">20240507121120.0</controlfield>
  <controlfield tag="008">101001s1981||||ag d   f |||| 001 0 spa d</controlfield>
  <datafield tag="020" ind1=" " ind2=" ">
    <subfield code="a">950000500X</subfield>
  </datafield>
  <datafield tag="041" ind1=" " ind2=" ">
    <subfield code="a">spa</subfield>
  </datafield>
  <datafield tag="092" ind1=" " ind2=" ">
    <subfield code="c">616.075</subfield>
    <subfield code="l">84</subfield>
    <subfield code="s">TRA</subfield>
  </datafield>
  <datafield tag="100" ind1="1" ind2=" ">
    <subfield code="a">Tranchesi, Joao.</subfield>
    <subfield code="9">1501</subfield>
  </datafield>
  <datafield tag="245" ind1=" " ind2="3">
    <subfield code="a">El electrocardiograma normal y patol&#xF3;gico.</subfield>
    <subfield code="b">Nociones de vectorcardiograf&#xED;a / </subfield>
    <subfield code="c">Joao Tranchesi.</subfield>
  </datafield>
  <datafield tag="250" ind1=" " ind2=" ">
    <subfield code="a">4a ed. 1a reimp. en espa&#xF1;ol, de la 5a ed. brasile&#xF1;a</subfield>
    <subfield code="b">Traducci&#xF3;n Osvaldo A. Robiolo.</subfield>
  </datafield>
  <datafield tag="260" ind1=" " ind2=" ">
    <subfield code="a">Buenos Aires: </subfield>
    <subfield code="b">Beta;</subfield>
    <subfield code="c">1981.</subfield>
  </datafield>
  <datafield tag="300" ind1=" " ind2=" ">
    <subfield code="a">771 p.</subfield>
    <subfield code="b">il.</subfield>
  </datafield>
  <datafield tag="500" ind1=" " ind2=" ">
    <subfield code="a">Tranchesi, J. (1981). El electrocardiograma normal y patol&#xF3;gico. Nociones de vectorcardiograf&#xED;a. (4a ed.). Buenos Aires : Beta.</subfield>
  </datafield>
  <datafield tag="653" ind1=" " ind2=" ">
    <subfield code="a">Nociones de electrofisiolog&#xED;a celular</subfield>
  </datafield>
  <datafield tag="653" ind1=" " ind2=" ">
    <subfield code="a">Actividad el&#xE9;ctrica normal del coraz&#xF3;n</subfield>
  </datafield>
  <datafield tag="653" ind1=" " ind2=" ">
    <subfield code="a">Electrocardi&#xF3;grafos y vectorcardi&#xF3;grafos</subfield>
  </datafield>
  <datafield tag="653" ind1=" " ind2=" ">
    <subfield code="a">Derivaciones electrocardiogr&#xE1;ficas</subfield>
  </datafield>
  <datafield tag="653" ind1=" " ind2=" ">
    <subfield code="a">Electrocardiograma normal</subfield>
  </datafield>
  <datafield tag="653" ind1=" " ind2=" ">
    <subfield code="a">Vertorcardiograma normal</subfield>
  </datafield>
  <datafield tag="653" ind1=" " ind2=" ">
    <subfield code="a">Electrocardiograma y vertorcardiograma en el reci&#xE9;n nacido y en la infancia</subfield>
  </datafield>
  <datafield tag="653" ind1=" " ind2=" ">
    <subfield code="a">Electrocardiograma y certorcardiograma en las sobrecargas auriculares</subfield>
  </datafield>
  <datafield tag="653" ind1=" " ind2=" ">
    <subfield code="a">Electrocardiograma y certorcardiograma en la sobrecarga ventricular izquierda. Indice de oxigenaci&#xF3;n mioc&#xE1;rdica</subfield>
  </datafield>
  <datafield tag="653" ind1=" " ind2=" ">
    <subfield code="a">Electrocardiograma y certorcardiograma en la sobrecarga ventricular derecha y la sobrecarga biventricular</subfield>
  </datafield>
  <datafield tag="653" ind1=" " ind2=" ">
    <subfield code="a">Disritmias card&#xED;acas. Bases electrofisiol&#xF3;gicas</subfield>
  </datafield>
  <datafield tag="653" ind1=" " ind2=" ">
    <subfield code="a">Electrocardiograma en las disritmias mas frecuentes</subfield>
  </datafield>
  <datafield tag="653" ind1=" " ind2=" ">
    <subfield code="a">S&#xED;ndrome de Wolff-Parkinson- White</subfield>
  </datafield>
  <datafield tag="653" ind1=" " ind2=" ">
    <subfield code="a">Derivaciones esof&#xE1;gicas</subfield>
  </datafield>
  <datafield tag="653" ind1=" " ind2=" ">
    <subfield code="a">Electrocardiograma y vectorcardiograma en los trastornos de la conducci&#xF3;n intraventricular del est&#xED;mulo</subfield>
  </datafield>
  <datafield tag="653" ind1=" " ind2=" ">
    <subfield code="a">Electrocardiograma y vectorcardiograma en los bloqueos de la rama izquierda (hemibloqueos)</subfield>
  </datafield>
  <datafield tag="653" ind1=" " ind2=" ">
    <subfield code="a">Electrocardiograma en las perturbaciones de la iirigaci&#xF3;n mioc&#xE1;rdica: infacto de miocardio. Vectores de necrosis, lesi&#xF3;n e isquemia</subfield>
  </datafield>
  <datafield tag="653" ind1=" " ind2=" ">
    <subfield code="a">Electrocardiografia y vectorcardiografia en el infacto de miocardio. Diagn&#xF3;stico topogr&#xE1;fico, evolutivo y diferencial</subfield>
  </datafield>
  <datafield tag="653" ind1=" " ind2=" ">
    <subfield code="a">Diagn&#xF3;stico electro y vectorcardiogr&#xE1;fico de infarto de miocardio en presencia de bloqueo completo de rama</subfield>
  </datafield>
  <datafield tag="653" ind1=" " ind2=" ">
    <subfield code="a">Electrocardiograma en la insuficiencia coronaria cr&#xF3;nica y en la insuficiencia coronaria aguda. Estudio cr&#xED;tico de la prueba de esfuerzo</subfield>
  </datafield>
  <datafield tag="653" ind1=" " ind2=" ">
    <subfield code="a">Estudio electrocardiogr&#xE1;fico de la repolarizaci&#xF3;n auricular</subfield>
  </datafield>
  <datafield tag="653" ind1=" " ind2=" ">
    <subfield code="a">Electrocardiograf&#xED;a en las pericarditis y miocarditis</subfield>
  </datafield>
  <datafield tag="653" ind1=" " ind2=" ">
    <subfield code="a">Electrocardiograma en los disturbios electrol&#xED;ticos y modificaciones electrocardiogr&#xE1;ficas ocasionadas por el uso de medicamentos</subfield>
  </datafield>
  <datafield tag="653" ind1=" " ind2=" ">
    <subfield code="a">Electrocardiograma y vectorcardiograma en las valvulopat&#xED;asy cardiopat&#xED;as adquiridas</subfield>
  </datafield>
  <datafield tag="653" ind1=" " ind2=" ">
    <subfield code="a">Electrocardiograma y vectorcardiograma en el enfisema pulmonar y en el "cor pulmonale" cr&#xF3;nico y agudo</subfield>
  </datafield>
  <datafield tag="653" ind1=" " ind2=" ">
    <subfield code="a">Electrocardiograma y vectorcardiograma en las anomal&#xF1;ias cong&#xE9;nitas del coraz&#xF3;n y de los grandes vasos</subfield>
  </datafield>
  <datafield tag="930" ind1=" " ind2=" ">
    <subfield code="a">269</subfield>
  </datafield>
  <datafield tag="942" ind1=" " ind2=" ">
    <subfield code="2">ddc</subfield>
    <subfield code="c">BK</subfield>
  </datafield>
  <datafield tag="999" ind1=" " ind2=" ">
    <subfield code="c">789</subfield>
    <subfield code="d">789</subfield>
  </datafield>
  <datafield tag="952" ind1=" " ind2=" ">
    <subfield code="0">0</subfield>
    <subfield code="1">0</subfield>
    <subfield code="4">0</subfield>
    <subfield code="7">0</subfield>
    <subfield code="a">BFM</subfield>
    <subfield code="b">BFM</subfield>
    <subfield code="c">CR</subfield>
    <subfield code="d">2011-05-13</subfield>
    <subfield code="l">10</subfield>
    <subfield code="o">616.075 84 TRA</subfield>
    <subfield code="p">269</subfield>
    <subfield code="r">2015-05-04</subfield>
    <subfield code="s">2015-04-29</subfield>
    <subfield code="t">ej.1</subfield>
    <subfield code="w">2011-05-13</subfield>
    <subfield code="y">BK</subfield>
  </datafield>
  <datafield tag="952" ind1=" " ind2=" ">
    <subfield code="0">0</subfield>
    <subfield code="1">0</subfield>
    <subfield code="2">ddc</subfield>
    <subfield code="4">0</subfield>
    <subfield code="7">0</subfield>
    <subfield code="a">BFM</subfield>
    <subfield code="b">BFM</subfield>
    <subfield code="c">CR</subfield>
    <subfield code="d">2015-09-17</subfield>
    <subfield code="e">Donaci&#xF3;n Jaime Novodvoretz, Septiembre 2015</subfield>
    <subfield code="l">0</subfield>
    <subfield code="o">616.075 84 TRA</subfield>
    <subfield code="p">3531</subfield>
    <subfield code="r">2015-09-17</subfield>
    <subfield code="t">ej.2</subfield>
    <subfield code="w">2015-09-17</subfield>
    <subfield code="y">BK</subfield>
    <subfield code="z">Donaci&#xF3;n Jaime Novodvoretz, Septiembre 2015</subfield>
  </datafield>
</record>
